000 01112nam a22002177a 4500
005 20101206113148.0
010 _aHIN-91420
020 _c150.00
_a9788128830532
035 _aHN-63766
037 _bDBAD/PUB
100 _aसिन्हा, सूर्या
_938429
245 _aकम्पलीट पर्सनैलिटी डेवलॅपमेंट कोर्स /
_cसूर्या सिन्हा
246 _aComplete Personality Development Course
_bby Surya Sinnha
260 _aनई दिल्ली
_bडायमंड पॉकेट बुक्स
_c2010
270 _bनई दिल्ली
_aX-30, ओखला इंडस्ट्रियल एरिया, फेज-11
_e110020
_k011- 41611861
_l011- 41611866
_msales@dpb.in
300 _a176पृ.
_c25सेमी (अजिल्द)
_bसचित्र
700 _924599
700 _924924
942 _2ddc
_cHN
_mसिन्हासू
999 _c49596
_d49596